00859cam a22002657a 45000010005000000030006000050050017000110080041000280100017000690200017000860400018001030500024001210820010001451000030001552450081001852600030002663000056002964900025003525050007003775200111003845210018004955210017005136500032005307000031005622193FISKH20231108160511.0070601s2002 ||| 000 0 eng  a 2007367588 a033500986369 aDLCcDLCbeng00aMLCS 2008/43288 (P) a398.21 aAndersen, Hans Christian 14aThe ugly duckling /cBy Hans Christian Andersen ; illustrated by Lisa Mccue  aRacine :bWestern,c1995. a24 unnumbered pages :bcolor illustrations ;c21 cm aA little golden book aF  aAn ugly duckling spends an unhappy year ostracized by other animals before he grows into a beautiful swan.8 a310 bLexile 8 aF bRaz-Plus aSwan vJuvenile literature  aMccue, Lisa eillustrator